Statistics in Management Studies (Record no. 152963)

MARC details
000 -LEADER
fixed length control field 00686nam a22001817a 4500
005 - DATE AND TIME OF LATEST TRANSACTION
control field 20180622124133.0
010 ## - LCCN (DPL NO)
LC control number A-903472
020 ## - INTERNATIONAL STANDARD BOOK NUMBER
International Standard Book Number 8187224061
035 ## - SYSTEM CONTROL NUMBER
System control number A-903472
037 ## - SOURCE OF ACQUISITION
Source of stock number/acquisition BPPD/PUB
082 ## - DEWEY DECIMAL CLASSIFICATION NUMBER
Classification number 658.0021
100 ## - MAIN ENTRY--PERSONAL NAME
Personal name Sharma K.K
245 ## - TITLE STATEMENT
Title Statistics in Management Studies
Statement of responsibility, etc by K.K.Sharma
Remainder of title (For M.B.A, PGDBA, PGDBM, B.B.A, B.B.M of various Indian Universities and Institutions Also for C.A. Foundation Course)
260 ## - PUBLICATION, DISTRIBUTION, ETC. (IMPRINT)
Place of publication, distribution, etc Meerut
Name of publisher, distributor, etc Krishna prakashan Media (P) Ltd.
Date of publication, distribution, etc 1999
270 ## - ADDRESS
Address Prabhat Offset Printers ( P) Ltd.
City Meerut
300 ## - PHYSICAL DESCRIPTION
Extent viii, 648p.
Dimensions 24cm (Hb )
Other physical details Ill.(Map)
942 ## - ADDED ENTRY ELEMENTS (KOHA)
Institution code [OBSOLETE] dpl
Item type English Books
Call number prefix 658.0024/ SHA
Source of classification or shelving scheme Dewey Decimal Classification
Classification part 658.0024
Call number suffix SHA
Holdings
Withdrawn status Lost status Not for loan Collection code Home library Current library Date acquired Source of acquisition Cost, normal purchase price Full call number Barcode Cost, replacement price Koha item type
      Non-fiction Shahdara Branch Shahdara Branch 22/06/2018 BPPD/PUB 170.00 658.0024 SHA A-903472 170.00 English Books

© Delhi Public Library
Hit Counter
free hit counter